| 000 | 00547nam a2200133Ia 4500 | ||
|---|---|---|---|
| 008 | 170516s9999 xx 000 0 und d | ||
| 245 | _aMammographic Findings after Intraoperative Radiotherapy of the Breast, Ronald Rivera, Virginia Smith-Bronstein, Sylvia Villegas-Mendez, Jessica Rayhanabad, Pulin Sheth, Afshin Rashtian, and Dennis R. Holmes | ||
| 260 | _bRadiology Research and Practice | ||
| 260 | _c2012 | ||
| 300 | _a: | ||
| 650 | _xRadiologic Technology | ||
| 650 | _xRadtech | ||
| 856 | _uhttps://www.hindawi.com/journals/rrp/contents/4/ | ||
| 999 |
_c332600 _d332600 |
||